000 00287nam a22001337a 4500
008 181022b xxu||||| |||| 00| 0 eng d
020 _a9781934920541
041 _aeng
080 _a330
100 _a52
101 _aMBE
245 _aMacroeconomics
_cCernauskas, D
942 _2udc
_cBK
999 _c50518
_d50518